banner-ar

اليابان و الصين : (Record no. 62504)

MARC details
000 -الفاتح
حقل البيانات ثابتة الطول 01137nam a22002657a 4500
005 - وقت وتاريخ اخر تعامل مع التسجيلة
رقم الضبط 20240530110553.0
008 - عناصر البيانات ثابتة الطول - معلومات عامة
حقل البيانات ثابتة الطول 160730s2013 ua ||||g b 00| 0 ara d
017 ## - رقم الايداع القانونى
رقم الايداع القانونى 2012/23451
المصدر ( الهيئة المختصة) مصر. دار الكتب الوطنية
020 ## - الرقم الدولى المعيارى للكتب
الرقم الدولى المعيارى للكتاب 9789773832685
040 ## - مصدر الفهرسة
وكالة الفهرسة الأصلية EG-CaGPL
082 04 - رقم تصنيف ديوى العشرى
رقم التصنيف 327.52051/
رقم المادة م ي
رقم الطبعة 21
100 0# - المدخل الرئيسى - إسم شخصى
الإسم الشخصى محمود عبدالرشيد احمد ابو الخير
245 12 - بيان العنوان
العنوان اليابان و الصين :
بقية العنوان خمسون عاما من الصراع /
بيان المسئوليه,etc محمود عبدالرشيد احمد ابو الخير.
250 ## - بيان الطبعة
بيان الطبعة ط .1.
260 ## - PUBLICATION, DISTRIBUTION, ETC. (IMPRINT)
تاريخ النشر أو التوزيع 2013.
300 ## - الوصف المادى
التعداد 214 ص.؛
أبعاد الوعاء 24 سم.
504 ## - تبصرة ببليوجرافية
تبصرة ببليوجرافية,الخ ببليوجرافية : ص. 200-212.
650 07 - المدخل الاضافى بالموضوع-مصطلح موضوعى
مصطلح موضوعي معاهدة شيمونوسيكى
التقسيم الفرعي الزمني 1895. م
651 07 - المدخل الاضافى بالموضوع - اسم جغرافى
الاسم الجغرافي اليابان
التقسيم الفرعي العام تاريخ
التقسيم الفرعي الزمني العصر الحديث
651 07 - المدخل الاضافى بالموضوع - اسم جغرافى
الاسم الجغرافي اليابانية
التقسيم الفرعي العام الحرب
التقسيم الفرعي الجغرافي الصينية
651 07 - المدخل الاضافى بالموضوع - اسم جغرافى
الاسم الجغرافي الصين
التقسيم الفرعي العام تاريخ
التقسيم الفرعي الزمني العصر الحديث
651 07 - المدخل الاضافى بالموضوع - اسم جغرافى
الاسم الجغرافي اليابان
التقسيم الفرعي العام علاقات خارجية
التقسيم الفرعي الجغرافي الصين
942 ## - عناصر المدخل الإضافي( كوها)
مصدر التصنيف او مخطط الترفيف Dewey Decimal Classification
Koha [default] item type كتاب
260 ## - PUBLICATION, DISTRIBUTION, ETC. (IMPRINT)
-- القاهرة :
-- ايتراك للطباعة والنشر والتوزيع،
Holdings
حالة التراجع حالة الفقد حالة تلف ليس للاعارة المكان المؤقت الموقع الحالى تاريخ الاكتساب اجمالي اﻻعارات رقم الطلب الباركود تاريخ اخر مشاهدة تاريخ تفعيل السعر نوع وعاء كوها
        مكتبة القاهرة الكبرى مكتبة القاهرة الكبرى 07/30/2016   327.52051/ م ي 162257 07/30/2016 07/30/2016 كتاب

Powered By

EGPV